书目信息 |
| 题名: |
大学英语六用词汇手册
|
|
| 作者: | 李平武 , 欧阳勤 主编 | |
| 分册: | ||
| 出版信息: | 北京 外语教学与研究出版社 2002 |
|
| 页数: | 613页 | |
| 开本: | 16cm | |
| 丛书名: | ||
| 单 册: | ||
| 中图分类: | H313-62 , H313-62 | |
| 科图分类: | ||
| 主题词: | 英语 , 词汇 , 英语--词汇--高等学校--手册 | |
| 电子资源: | ||
| ISBN: | 7-5600-2768-7 | |
| 000 | 01059nam0 2200373 45 | |
| 001 | 012003000000 | |
| 005 | 20060606152801.00 | |
| 010 | @a7-5600-2768-7@dCNY 15.90 | |
| 100 | @a20031223e20032002em y0chiy0121 ea | |
| 101 | 0 | @achi@ceng |
| 102 | @aCN@b110000 | |
| 105 | @ay z 000yy | |
| 200 | 1 | @a大学英语六用词汇手册@Ada xue ying yu liu yong ci hui shou ce@e四级、六级、考研通用@e分级·正字·辨音·释义·用法·词组@f李平武, 欧阳勤主编 |
| 210 | @a北京@c外语教学与研究出版社@d2002@h2003重印 | |
| 215 | @a613页@d16cm | |
| 320 | @a本书含附录 | |
| 517 | 1 | @a分级·正字·辨音·释义·用法·词组 |
| 517 | 1 | @a分级 |
| 517 | 1 | @a四级、六级、考研通用 |
| 517 | 1 | @a辨音 |
| 517 | 1 | @a释义 |
| 517 | 1 | @a用法 |
| 517 | 1 | @a词组 |
| 517 | 1 | @a正字 |
| 606 | 0 | @a英语 |
| 606 | 0 | @a词汇 |
| 606 | 0 | @a英语@x词汇@x高等学校@j手册 |
| 690 | @aH313-62@v3 | |
| 690 | @aH313-62@v4 | |
| 701 | 0 | @a李平武@Ali ping wu@4主编 |
| 701 | 0 | @a欧阳勤@Aou yang qin@4主编 |
| 801 | 0 | @aCN@bQSSKz@c20060606 |
| 905 | @dH313-62@eL227 | |
| 906 | @dCNY15.90@n3@r1 | |
| 大学英语六用词汇手册:四级、六级、考研通用:分级·正字·辨音·释义·用法·词组/李平武, 欧阳勤主编.-北京:外语教学与研究出版社,2002(2003重印) |
| 613页;16cm |
| ISBN 7-5600-2768-7:CNY 15.90 |
| ● |
| 相关链接 |
|
|
|
正题名:大学英语六用词汇手册
索取号:H313-62/L227
 
预约/预借
| 序号 | 登录号 | 条形码 | 馆藏地/架位号 | 状态 | 备注 |
| 1 | 385110 | 203851108 | 语言库209/209语言库 31排3列5层/ [索取号:H313-62/L227] | 在馆 | |
| 2 | 385111 | 203851117 | 语言库209/209语言库 31排3列5层/ [索取号:H313-62/L227] | 在馆 | |
| 3 | 385112 | 203851126 | 语言库209/209语言库 31排3列5层/ [索取号:H313-62/L227] | 在馆 | |
| 4 | 428213 | 204282132 | 语言库209/209语言库 31排3列5层/ [索取号:H313-62/L227] | 在馆 | |
| 5 | 428214 | 204282141 | 语言库209/209语言库 31排3列5层/ [索取号:H313-62/L227] | 在馆 | |
| 6 | 428215 | 204282150 | 语言库209/209语言库 31排3列5层/ [索取号:H313-62/L227] | 在馆 | |
| 7 | 428216 | 204282169 | 语言库209/209语言库 31排3列5层/ [索取号:H313-62/L227] | 在馆 | |
| 8 | 428217 | 204282178 | 语言库209/209语言库 31排3列5层/ [索取号:H313-62/L227] | 在馆 | |
| 9 | 607434 | 206074344 | 语言库209/209语言库 31排3列5层/ [索取号:H313-62/L227] | 在馆 | |
| 10 | 607435 | 206074353 | 语言库209/209语言库 31排3列5层/ [索取号:H313-62/L227] | 在馆 | |
| 11 | 607436 | 206074362 | 语言库209/209语言库 31排3列5层/ [索取号:H313-62/L227] | 在馆 | |
| 12 | 607437 | 206074371 | 语言库209/209语言库 31排3列5层/ [索取号:H313-62/L227] | 在馆 |